Maridos /

Maridos es la pareja literaria de Mujeres de ojos grandes, obra que ha seducido a más de un millón de lectores empeñados en la búsqueda de lo sorprendente como un modo de vida cotidiana. Con Maridos, Mastretta vuelve a dar una prueba de lo que pueden conseguir como pareja la alegría infalible de su...

Full description

Bibliographic Details
Main Author: Mastretta, Angeles 1949-
Format: Libro
Language:Spanish
Published: Buenos Aires Seix Barral 2007
Series:Biblioteca breve
Subjects:
Online Access:

MARC

LEADER 00000cam a2200000 a 4500
001 035384
003 UAHC_CL
005 20170803123844.0
008 081209s2007 ag 000 1 spa
020 |a 9789507315626 
040 |a UAHC_CL  |c UAHC_CL  |d UAHC_CL 
082 0 4 |a M863  |b M423  |2 20 
100 1 |a Mastretta, Angeles  |d 1949- 
245 1 0 |a Maridos /  |c Angeles Mastretta. 
260 |b Seix Barral  |a Buenos Aires  |c 2007 
300 |a 259 p. 
490 0 |a Biblioteca breve 
520 |a Maridos es la pareja literaria de Mujeres de ojos grandes, obra que ha seducido a más de un millón de lectores empeñados en la búsqueda de lo sorprendente como un modo de vida cotidiana. Con Maridos, Mastretta vuelve a dar una prueba de lo que pueden conseguir como pareja la alegría infalible de su cabeza y el mundo iluminado de su escritura. Después de años de no verlo, Julia Corzas le abre la puerta a su tercer marido. Mientras juegan una partida de ajedrez, ella le cuenta historias de amor y desamor. Él se abandona a su voz y la escucha sin más que una pregunta final: ¿Y nuestra historia? ¿No vas a contar nuestra historia? En estos relatos de ingenio, variedad y elegancia estilística, Ángeles Mastretta ha ido a buscar el destello difícil de la pareja, el lugar donde la vida lucha con la costumbre y se renueva o desaparece. El tiempo de los maridos cruza clases sociales y épocas distintas. Devela sin herir y ríe sin olvidar. Un aire de familia une estas páginas con el hilo encantado del amor aun si ha perdido el encanto, del amor que se va pero reincide, traiciona pero alumbra, lamenta pero sonríe. En el mundo literario de Ángeles Mastretta es tiempo de maridos. Tiempo para querer la serenidad antes y después de la pareja. Tiempo de imaginar una vida que vence a la costumbre o se rinde como quien triunfa. Tiempo de la pareja en vilo, en trance de ser y dejar de ser: la pareja fugitiva, cambiante, belicosa, alegre e irrenunciable. 
650 4 |a NOVELAS MEXICANAS 
900 |a M863 MASM 
942 |c BK 
952 |0 0  |1 0  |4 0  |6 M_863_000000000000000_MASM  |7 0  |8 General  |9 67173  |a BC  |b BC  |c General  |d 2017-08-03  |l 0  |o M863 MASM  |p 1367548  |r 2025-11-26 00:00:00  |t 1  |w 2017-08-03  |y BK 
999 |c 35384  |d 35384